Voice, video, and data network convergence: architecture and design, from VoIP to wireless (Record no. 9444)

000 -LEADER
fixed length control field 00836 a2200205 4500
020 ## - INTERNATIONAL STANDARD BOOK NUMBER
International Standard Book Number 0122365429
040 ## - CATALOGING SOURCE
Original cataloging agency DLC
Language of cataloging DLC
082 00 - DEWEY DECIMAL CLASSIFICATION NUMBER
Classification number 384.33
100 1# - MAIN ENTRY--PERSONAL NAME
Personal name Ellis, Juanita.
245 10 - TITLE STATEMENT
Title Voice, video, and data network convergence: architecture and design, from VoIP to wireless
Remainder of title architecture and design, from VoIP to wireless
Statement of responsibility, etc. Juanita Ellis, Charles Pursell, Joy Rahman
260 ## - PUBLICATION, DISTRIBUTION, ETC.
Place of publication, distribution, etc. San Diego, Calif. :
Name of publisher, distributor, etc. Academic Press,
Date of publication, distribution, etc. c2003.
300 ## - PHYSICAL DESCRIPTION
Extent xxii, 330 p. :
Other physical details ill. ;
Dimensions 24 cm.
500 ## - GENERAL NOTE
General note Includes index.
650 #0 - SUBJECT ADDED ENTRY--TOPICAL TERM
Topical term or geographic name entry element Convergence (Telecommunication)
700 1# - ADDED ENTRY--PERSONAL NAME
Personal name Pursell, Charles.
700 1# - ADDED ENTRY--PERSONAL NAME
Personal name Rahman, Joy.
856 42 - ELECTRONIC LOCATION AND ACCESS
Materials specified Publisher description
Uniform Resource Identifier <a href="http://www.loc.gov/catdir/description/els031/2003050271.html">http://www.loc.gov/catdir/description/els031/2003050271.html</a>
856 42 - ELECTRONIC LOCATION AND ACCESS
Materials specified Table of contents
Uniform Resource Identifier <a href="http://www.loc.gov/catdir/toc/els031/2003050271.html">http://www.loc.gov/catdir/toc/els031/2003050271.html</a>
942 ## - ADDED ENTRY ELEMENTS (KOHA)
Koha item type Book
Call number prefix 384.33 ELL
Source of classification or shelving scheme
Holdings
Withdrawn status Lost status Damaged status Not for loan Collection code Permanent Location Current Location Shelving location Date acquired Source of acquisition Cost, normal purchase price Total Checkouts Full call number Barcode Date last seen Price effective from Koha item type
          Central Library (CL) Central Library (CL) General Stacks 06/01/2007 Allied Book Company 526.05   621.382 ELL SEECS008561 11/14/2012 01/05/2017 Book
© 2023 Central Library, National University of Sciences and Technology. All Rights Reserved.